[Event "TCh-TUR 2011"]
[Site "Konya TUR"]
[Date "2011.07.04"]
[Round "8"]
[White "Guliev, Logman"]
[Black "Reyhan, Dogan Heval"]
[Result "1/2-1/2"]
[WhiteTitle "IM"]
[BlackTitle "FM"]
[WhiteElo "2459"]
[BlackElo "2343"]
[WhiteTeam "Yapi Kredi Spor Kulubu"]
[BlackTeam "Celikkol Turizm Pamukkale Universitesi S.K."]
[WhiteFideId "13400061"]
[BlackFideId "6301290"]
[EventDate "2011.06.28"]

1. e4 c5 2. Nf3 g6 3. c3 d5 4. exd5 Qxd5 5. d4 Bg7 6. Be3 cxd4 7. cxd4 Nf6 8.
Nc3 Qa5 9. Be2 O-O 10. O-O Nc6 11. Qb3 Ng4 12. d5 Nxe3 13. fxe3 Ne5 14. e4 Nxf3+
15. Rxf3 Be5 16. Raf1 a6 17. Kh1 b5 18. a4 bxa4 19. Nxa4 Bd7 20. Nb6 Rfb8 21.
Nc4 Rxb3 22. Nxa5 Rxf3 23. gxf3 Bxb2 24. Rb1 Ba3 25. e5 Rc8 26. Nc4 Bc5 27. Kg2
Bb5 28. Kf1 Bd4 29. d6 Rxc4 30. Bxc4 Bxc4+ 31. Kg2 exd6 32. exd6 Bb5 33. d7 Bb6
34. Rd1 Bd8 35. Re1 Kg7 36. Re8 Bxd7 37. Rxd8 Bb5 38. Rd6 Kf8 39. Kg3 Ke7 40.
Rb6 Kd7 41. Rb7+ Ke6 42. Kf4 Kf6 43. Rb6+ Kg7 44. Ke5 Be2 45. f4 Bc4 46. Rb7 Bb5
47. Rc7 Bd3 48. Rc3 Bb5 49. f5 gxf5 50. Rg3+ Kf8 51. Kf6 Ke8 52. Kxf5 Ke7 53.
Ke5 a5 54. Rh3 a4 55. Rxh7 a3 56. Rh8 f6+ 57. Kf4 Be8 58. Rh3 a2 59. Ra3 Bf7 60.
Kf5 Be6+ 61. Kg6 Bf7+ 62. Kg7 f5 63. Ra7+ Ke8 64. Kf6 Bb3 65. Kxf5 Kf8 66. Kg6
Bd5 67. Kh7 Be4+ 68. Kh6 Bb1 69. Ra8+ Kf7 70. h4 Kf6 71. Ra7 Ke5 72. Ra4 Kd5 73.
Kg5 Kc5 74. Kf4 Kb5 75. Ra7 Kb4 76. Ke3 Kc3 77. h5 Kb2 78. Rb7+ Kc1 79. Ra7 Kb2
80. Rb7+ Kc1 1/2-1/2

[Event "TCh-TUR 2011"]
[Site "Konya TUR"]
[Date "2011.07.04"]
[Round "8"]
[White "Ozen, Ali"]
[Black "Kanmazalp, Ogulcan"]
[Result "0-1"]
[BlackTitle "IM"]
[WhiteElo "1688"]
[BlackElo "2404"]
[WhiteTeam "Celikkol Turizm Pamukkale Universitesi S.K."]
[BlackTeam "Yapi Kredi Spor Kulubu"]
[WhiteFideId "6307132"]
[BlackFideId "6304990"]
[EventDate "2011.06.28"]

1. e4 c5 2. Nf3 e6 3. d4 cxd4 4. Nxd4 Nf6 5. Nc3 Nc6 6. Nxc6 bxc6 7. e5 Nd5 8.
Ne4 Qc7 9. Qh5 Be7 10. f4 Qb6 11. Qe2 O-O 12. c4 Bb4+ 13. Kd1 Ba6 14. Qf3 f5 15.
Ng3 Nc7 16. Be3 Bc5 17. Bxc5 Qxc5 18. Qc3 d5 19. exd6 Qxd6+ 20. Bd3 Qxf4 21.
Qxg7+ Kxg7 22. Nh5+ Kh6 23. Nxf4 e5 24. Nh3 Ne6 25. Re1 e4 26. Bf1 Rad8+ 27. Kc2
Rd4 28. Rad1 Bxc4 29. Rxd4 Nxd4+ 30. Kc3 Bxf1 31. Rxf1 Ne6 32. g3 Kg6 33. Rd1
Rd8 34. Nf4+ Kf6 35. Rxd8 Nxd8 36. Kb4 Ne6 37. Ne2 Ke5 38. Kc4 f4 39. gxf4+ Nxf4
40. Ng3 Nd5 41. Ne2 h5 42. Nd4 Nb6+ 43. Kc5 Na4+ 44. Kc4 Nxb2+ 45. Kc5 e3 46.
Nxc6+ Ke4 47. Nd4 Nd3+ 48. Kc4 Ne5+ 49. Kc3 Nf3 50. Ne2 Nxh2 51. Ng1 Nf3 52. Nh3
e2 53. Nf2+ Ke3 54. Nd3 e1=Q+ 55. Nxe1 Nxe1 56. Kb4 h4 57. Ka5 Nd3 58. a3 Nb2
59. Ka6 Nc4 60. a4 Nb6 61. a5 Nc4 0-1

[Event "TCh-TUR 2011"]
[Site "Konya TUR"]
[Date "2011.07.04"]
[Round "8"]
[White "Okus, Melih"]
[Black "Kerigan, Demre"]
[Result "1-0"]
[WhiteElo "1893"]
[BlackElo "2134"]
[WhiteTeam "Celikkol Turizm Pamukkale Universitesi S.K."]
[BlackTeam "Yapi Kredi Spor Kulubu"]
[WhiteFideId "6305407"]
[BlackFideId "6307841"]
[EventDate "2011.06.28"]

1. e4 d6 2. d4 Nf6 3. Nc3 g6 4. Bg5 Bg7 5. Qd2 h6 6. Bh4 g5 7. Bg3 Nh5 8. Nge2
c6 9. O-O-O Qa5 10. Kb1 Na6 11. Nc1 Be6 12. Be2 Nxg3 13. hxg3 c5 14. Bb5+ Kf8
15. d5 Bxc3 16. Qxc3 Qxc3 17. bxc3 Nc7 18. Be2 Bd7 19. f4 Kg7 20. e5 Bf5 21.
Rhf1 Be4 22. Bf3 Bxf3 23. Rxf3 Rad8 24. c4 b5 25. cxb5 Nxb5 26. Ne2 Rb8 27. Kc1
Nc7 28. Rb3 a5 29. Nc3 Rb4 30. a3 Rc4 31. Nb5 Nxb5 32. Rxb5 gxf4 33. gxf4 Rxf4
34. Rxa5 Rf5 35. Re1 Rf2 36. Ra7 Rd8 37. Rxe7 dxe5 38. R1xe5 Kf6 39. Re2 Rf1+
40. Kb2 Rxd5 41. Rc7 Kg5 42. Kb3 Rf4 43. c3 Kg4 44. a4 Kg3 45. Ra2 h5 46. a5 Rd8
47. Rxc5 Rb8+ 48. Ka3 f5 49. c4 Re4 50. Ka4 h4 51. a6 Rb6 52. a7 Ra6+ 53. Ra5
Rxc4+ 54. Kb3 Rc8 55. a8=Q Rcxa8 1-0

[Event "TCh-TUR 2011"]
[Site "Konya TUR"]
[Date "2011.07.04"]
[Round "8"]
[White "Yurtseven, Melih"]
[Black "Komut, Kaan"]
[Result "0-1"]
[WhiteElo "2050"]
[BlackElo "1917"]
[WhiteTeam "Yapi Kredi Spor Kulubu"]
[BlackTeam "Celikkol Turizm Pamukkale Universitesi S.K."]
[WhiteFideId "6312160"]
[BlackFideId "6309992"]
[EventDate "2011.06.28"]

1. e4 c5 2. Nf3 e6 3. d3 d5 4. Nbd2 Be7 5. g3 b5 6. Bg2 Bb7 7. O-O Nf6 8. Qe2
O-O 9. e5 Ne8 10. h4 Qd7 11. Bh3 Nc6 12. Re1 a5 13. Nf1 c4 14. d4 b4 15. Bg5 Ba6
16. Qe3 a4 17. N1h2 Nc7 18. Ng4 Qd8 19. Bxe7 Qxe7 20. h5 Rfb8 21. h6 Qf8 22.
hxg7 Qxg7 23. Nf6+ Kh8 24. Ng5 Ne8 25. Ngxh7 Nxf6 26. Nxf6 Qg6 27. Kg2 Kg7 28.
Rh1 Rh8 29. Bg4 Qxc2 30. Bh5 Ne7 31. Rh4 Nf5 32. Qg5+ Kf8 33. Rg4 Ke7 34. Ne4+
Kd7 35. Nc5+ Kc6 36. Bxf7 Rh2+ 37. Kxh2 Qxf2+ 38. Kh3 Rh8+ 39. Rh4 Ne3 40. Qxe3
Rxh4+ 41. Kxh4 Qxe3 42. Nxa6 Qxd4+ 43. Kh3 Kb7 44. Nxb4 Qxb2 45. Rd1 Qxb4 46.
Bxe6 c3 47. Bf5 Qf8 48. Kg4 Kc6 49. Bc2 Qg7+ 50. Kf4 Qf7+ 51. Kg4 Kc5 52. Rb1 d4
53. Rb8 Qc7 54. Ra8 Qd7+ 55. Kf4 d3 56. Bxa4 Qxa4+ 57. Rxa4 c2 58. e6 c1=Q+ 59.
Kf5 d2 60. Ra5+ Kb6 61. Rd5 d1=Q 62. Rxd1 Qxd1 63. e7 Qe2 64. Kf6 Kc7 0-1

[Event "TCh-TUR 2011"]
[Site "Konya TUR"]
[Date "2011.07.04"]
[Round "8"]
[White "Morgul, Elcin"]
[Black "Menzi, Nezihe Ezgi"]
[Result "1/2-1/2"]
[WhiteElo "1723"]
[BlackElo "1868"]
[WhiteTeam "Celikkol Turizm Pamukkale Universitesi S.K."]
[BlackTeam "Yapi Kredi Spor Kulubu"]
[WhiteFideId "6300251"]
[BlackFideId "6310060"]
[EventDate "2011.06.28"]

1. e4 c5 2. Nf3 d6 3. c3 Nf6 4. h3 Nc6 5. Bd3 g6 6. Bc2 Bg7 7. O-O O-O 8. d4
cxd4 9. cxd4 Nb4 10. Bb3 Qc7 11. Nc3 b6 12. a3 Nc6 13. Be3 Ba6 14. Re1 Na5 15.
Nd5 Nxd5 16. Bxd5 Rac8 17. Ng5 Nc4 18. Nxf7 Rxf7 19. Be6 Rf8 20. Rc1 Nxe3 21.
Rxc7 Nxd1 22. Rxd1 Re8 23. Rxa7 Bc8 24. Ra8 Bxe6 25. Rxe8+ Bf8 26. Rb8 Rf4 27.
f3 Bb3 28. Rc1 d5 29. Rxb6 Bc4 30. b3 Bd3 31. Rd1 dxe4 32. fxe4 Bxe4 33. Rf1
Rxf1+ 34. Kxf1 Bg7 35. Rb4 1/2-1/2

[Event "TCh-TUR 2011"]
[Site "Konya TUR"]
[Date "2011.07.04"]
[Round "8"]
[White "Arat, Ufuk Sezen"]
[Black "Soysal, Serkan"]
[Result "0-1"]
[WhiteElo "2053"]
[BlackElo "1795"]
[WhiteTeam "Yapi Kredi Spor Kulubu"]
[BlackTeam "Celikkol Turizm Pamukkale Universitesi S.K."]
[WhiteFideId "6309089"]
[BlackFideId "6349250"]
[EventDate "2011.06.28"]

1. e4 e6 2. d3 d5 3. Nd2 e5 4. Ngf3 Nc6 5. exd5 Qxd5 6. g3 Nf6 7. Bg2 Qd8 8. O-O
Bd6 9. Ne4 Nxe4 10. dxe4 O-O 11. Be3 Qe7 12. c3 Bc5 13. Bc1 a5 14. Nh4 g6 15.
Kh1 Rd8 16. Qe2 b6 17. Rd1 Rxd1+ 18. Qxd1 Bxf2 19. Qf3 Bc5 20. Bh6 Bd7 21. Bf1
Rd8 22. Bc4 Be6 23. Nf5 Qd7 24. Bg5 gxf5 25. Bxe6 fxe6 26. Bxd8 Nxd8 27. Rf1
fxe4 28. Qg4+ Kh8 29. Rd1 Bd6 30. Qh4 e3 31. Qf6+ Kg8 32. Qg5+ Kf8 33. Qf6+ Nf7
34. h4 Qc6+ 35. Kh2 Be7 36. Qf1 Qe4 37. Qe2 Nh6 38. Rf1+ Kg7 39. Kh3 Nf5 40. h5
Bh4 41. h6+ Kg6 42. gxh4 Qxh4+ 43. Kg2 Qg3+ 44. Kh1 Qh3+ 45. Kg1 Ng3 46. Qd3+ e4
47. Rf6+ Kxf6 48. Qd8+ Kf5 49. Qf8+ Kg4 50. Qg7+ Kf3 0-1

[Event "TCh-TUR 2011"]
[Site "Konya TUR"]
[Date "2011.07.04"]
[Round "8"]
[White "Bal, Sevgican"]
[Black "Keskin, Suara"]
[Result "1-0"]
[WhiteElo "1610"]
[BlackElo "1693"]
[WhiteTeam "Celikkol Turizm Pamukkale Universitesi S.K."]
[BlackTeam "Yapi Kredi Spor Kulubu"]
[WhiteFideId "6324894"]
[BlackFideId "6332650"]
[EventDate "2011.06.28"]

1. d4 g6 2. Nf3 Bg7 3. Bg5 d6 4. Nbd2 Nd7 5. e4 c6 6. c3 Qc7 7. Bc4 Ngf6 8. O-O
O-O 9. Re1 e5 10. Bb3 h6 11. Bh4 Re8 12. dxe5 dxe5 13. Nc4 Re6 14. a4 Nh5 15.
Qc2 Nc5 16. Ba2 a5 17. Rad1 g5 18. Bg3 Nf4 19. Ne3 Rf6 20. Nc4 Be6 21. Bxf4 gxf4
22. b4 axb4 23. cxb4 Bxc4 24. bxc5 Bxa2 25. Qxa2 Re6 26. Qb3 Re7 27. Nh4 Qa5 28.
Nf5 Rd7 29. Qh3 Rxd1 30. Rxd1 Qxa4 31. Qg4 Qxd1+ 32. Qxd1 Bf6 33. g3 fxg3 34.
hxg3 Bg5 35. Qd6 f6 36. Qe7 Ra1+ 37. Kg2 1-0

[Event "TCh-TUR 2011"]
[Site "Konya TUR"]
[Date "2011.07.04"]
[Round "8"]
[White "Ipatov, Alexander ESP"]
[Black "Mirzoev, Azer"]
[Result "1-0"]
[WhiteTitle "IM"]
[BlackTitle "GM"]
[WhiteElo "2536"]
[BlackElo "2481"]
[WhiteTeam "Istanbul Teknik Universitesi S.K."]
[BlackTeam "Mersin Ezgi Satranc Kulubu"]
[WhiteFideId "14116731"]
[BlackFideId "13400304"]
[EventDate "2011.06.28"]

1. d4 d5 2. c4 dxc4 3. Nf3 Nf6 4. e3 e6 5. Bxc4 a6 6. O-O c5 7. dxc5 Qxd1 8.
Rxd1 Bxc5 9. Be2 Nbd7 10. Nbd2 b6 11. b3 Bb7 12. Bb2 Ke7 13. Ne1 b5 14. a4 bxa4
15. Nd3 Bd5 16. Nxc5 Nxc5 17. bxa4 Rhc8 18. f3 Nb3 19. Nxb3 Bxb3 20. Rdc1 Rxc1+
21. Bxc1 Nd5 22. a5 Nc3 23. Bf1 Nb5 24. Rb1 Bc2 25. Rb2 Rc8 26. Bxb5 axb5 27.
Rxb5 Bd3 28. Ba3+ Kf6 29. Rb3 Bc4 30. Rb4 g5 31. e4 h5 32. Rb1 h4 33. Rc1 Ba6
34. Bb2+ Kg6 35. Rxc8 Bxc8 36. e5 Kf5 37. Kf2 Bb7 38. h3 Kf4 39. Bc3 Ba6 40. Bd4
Bb5 41. Be3+ Kf5 42. g4+ hxg3+ 43. Kxg3 Bd3 44. Bd4 Bb5 45. Bc3 Ba6 46. Bd2 Bd3
47. f4 gxf4+ 48. Bxf4 f6 49. Kf3 fxe5 50. Bg3 Kf6 51. Ke3 Bf1 52. h4 Kf5 53. Bf2
Ba6 54. Kd2 e4 55. Kc3 e5 56. Kb4 Kf4 57. Kc5 e3 58. Be1 Bd3 59. Kb6 Kf3 60. a6
Ke2 61. Bc3 Be4 62. Bxe5 Kf3 63. Bc3 e2 64. a7 Kg4 65. Be1 Bf3 66. Kc7 Kf5 67.
Kb8 1-0

[Event "TCh-TUR 2011"]
[Site "Konya TUR"]
[Date "2011.07.04"]
[Round "8"]
[White "Sengul, Cengiz"]
[Black "Ataman,Alper Efe"]
[Result "1-0"]
[BlackTitle "FM"]
[WhiteElo "2225"]
[BlackElo "2188"]
[WhiteTeam "Mersin Ezgi Satranc Kulubu"]
[BlackTeam "Istanbul Teknik Universitesi S.K."]
[WhiteFideId "6302785"]
[BlackFideId "6301606"]
[EventDate "2011.06.28"]

1. Nf3 Nf6 2. c4 g6 3. Nc3 Bg7 4. d4 O-O 5. e4 d6 6. h3 c6 7. Be2 a6 8. O-O b5
9. e5 Ne8 10. Bf4 Nd7 11. exd6 exd6 12. d5 b4 13. dxc6 bxc3 14. cxd7 Qxd7 15.
bxc3 Bxc3 16. Rc1 Bb4 17. Bh6 Ng7 18. Ng5 Re8 19. Bg4 Qe7 20. Bf3 Nf5 21. Bxa8
Nxh6 22. Nf3 Nf5 23. Qa4 Bc5 24. Rfe1 Be6 25. Bd5 Rb8 26. Bxe6 fxe6 27. Rb1
Bxf2+ 28. Kh2 Bg3+ 29. Kh1 Rf8 30. Qxa6 Bxe1 31. Rxe1 e5 32. Qc6 e4 33. Qd5+ Kg7
34. Kh2 e3 35. Nd4 Rf6 36. Nxf5+ gxf5 37. Re2 f4 38. Qg5+ Kf7 39. Qh5+ Kg7 40.
Qg4+ Kf7 41. Rb2 f3 42. Rb8 Rg6 43. Qxf3+ Qf6 44. Rb7+ Kg8 45. Qxe3 Qe5+ 46.
Qxe5 dxe5 47. Re7 Rc6 48. Rxe5 Rxc4 49. Rg5+ Kf7 50. Rg4 Rc3 51. a4 Ra3 52. Kg1
Ra2 53. Kh2 Ra3 54. Rb4 Kg7 55. Kg1 Ra2 56. Kf1 Kg6 57. Rg4+ Kf6 58. Rc4 Kg6 59.
Kg1 Kf6 60. Kh2 Ra3 61. Rc6+ Kg5 62. Rc5+ Kg6 63. a5 Kg7 64. h4 Kg6 65. h5+ Kh6
66. g3 Ra1 67. Kh3 Ra4 68. Kg2 Ra3 69. Kf2 Kg7 70. g4 Kh6 71. Ke2 Ra4 72. Kd3
Rxg4 73. Kc3 Ra4 74. Kb3 Ra1 75. Kb4 Rb1+ 76. Ka4 Kg7 77. a6 Kf6 78. Ka5 Ke6 79.
Rb5 Ra1+ 80. Kb6 Kd7 81. Kb7 1-0

[Event "TCh-TUR 2011"]
[Site "Konya TUR"]
[Date "2011.07.04"]
[Round "8"]
[White "Nikolova, Adriana"]
[Black "Fierro Baquero, Martha L."]
[Result "1-0"]
[WhiteTitle "WIM"]
[BlackTitle "IM"]
[WhiteElo "2333"]
[BlackElo "2388"]
[WhiteTeam "Mersin Ezgi Satranc Kulubu"]
[BlackTeam "Istanbul Teknik Universitesi S.K."]
[WhiteFideId "2908689"]
[BlackFideId "3600270"]
[EventDate "2011.06.28"]

1. e4 c5 2. c3 d5 3. exd5 Qxd5 4. d4 Nc6 5. Nf3 Bg4 6. Be2 cxd4 7. cxd4 e6 8.
O-O Nf6 9. Nc3 Qa5 10. a3 Be7 11. h3 Bh5 12. Be3 O-O 13. b4 Qd8 14. Rc1 Rc8 15.
Qd2 Rc7 16. Rfd1 Rd7 17. g4 Bg6 18. Qb2 Bd6 19. Bg5 h6 20. Bh4 Bf4 21. Ra1 Nxd4
22. Nxd4 Rxd4 23. Nb5 Rxd1+ 24. Rxd1 Qb6 25. Bxf6 gxf6 26. Qxf6 Bb8 27. h4 Bc2
28. Rd2 Rc8 29. Qxh6 Bg6 30. h5 Rc1+ 31. Bd1 Bg3 32. Nd4 Bc2 33. Qg5+ Kh7 34. h6
Bg6 35. fxg3 Qd6 36. Kf2 Rxd1 37. Rxd1 e5 38. Qe3 exd4 39. Qxd4 Qf8 40. g5 Bc2
41. Rd2 Bb1 42. Qf6 1-0

[Event "TCh-TUR 2011"]
[Site "Konya TUR"]
[Date "2011.07.04"]
[Round "8"]
[White "Yilmaz, Mustafa"]
[Black "Bolat, Ahmet"]
[Result "1-0"]
[WhiteTitle "IM"]
[WhiteElo "2489"]
[BlackElo "2074"]
[WhiteTeam "Istanbul Teknik Universitesi S.K."]
[BlackTeam "Mersin Ezgi Satranc Kulubu"]
[WhiteFideId "6302718"]
[BlackFideId "6327923"]
[EventDate "2011.06.28"]

1. e4 e6 2. d4 d5 3. e5 c5 4. c3 Nc6 5. Nf3 Qb6 6. a3 c4 7. Nbd2 Na5 8. Be2 Bd7
9. O-O Ne7 10. Rb1 Nc8 11. Ne1 Qc7 12. Bg4 b5 13. h4 Nb7 14. Qf3 a5 15. Ra1 Nb6
16. Nc2 Be7 17. h5 Rf8 18. Qh3 O-O-O 19. Nf3 h6 20. Nh4 Kb8 21. f4 f5 22. exf6
Rxf6 23. Ng6 Bd6 24. Bd2 Re8 25. Rae1 Nd8 26. Re2 Nc8 27. Be1 Ne7 28. Nxe7 Bxe7
29. Bh4 Rf7 30. Bxe7 Rfxe7 31. Ne1 Bc8 32. Qh4 Nc6 33. Re3 Rf7 34. Bd1 Ne7 35.
Ref3 Nf5 36. Qh2 Ref8 37. Bc2 Ne7 38. R3f2 Bd7 39. g3 Bc8 40. Nf3 Nc6 41. Re1
Bd7 42. Rfe2 Rf6 43. Qh4 Bc8 44. Nh2 Rd8 45. Ng4 Rff8 46. Qh2 Rd6 47. Re3 Rdd8
48. Bd1 Rd6 49. Bf3 Nd8 50. Ne5 Nc6 51. Ng6 Rf6 52. Bg4 Nd8 53. Bh3 Rb6 54. Qg2
Bd7 55. f5 Rd6 56. Nf4 Qc6 57. Re5 exf5 58. Nxd5 Rf8 59. Nf4 Qb6 60. Qf2 Nc6 61.
Rc5 Rf7 62. Nd5 Qa6 63. Qf4 Nd8 64. Nc7 Qb6 65. Nxb5 Rf6 66. Nxd6 Ne6 1-0

[Event "TCh-TUR 2011"]
[Site "Konya TUR"]
[Date "2011.07.04"]
[Round "8"]
[White "Sumer, Gun"]
[Black "Sanal, Vahap"]
[Result "0-1"]
[BlackTitle "CM"]
[WhiteElo "1828"]
[BlackElo "2210"]
[WhiteTeam "Mersin Ezgi Satranc Kulubu"]
[BlackTeam "Istanbul Teknik Universitesi S.K."]
[WhiteFideId "6311784"]
[BlackFideId "6300545"]
[EventDate "2011.06.28"]

1. e4 e5 2. Nf3 Nc6 3. d4 exd4 4. Bc4 Nf6 5. e5 d5 6. Bb5 Ne4 7. Nxd4 Bd7 8.
Bxc6 bxc6 9. O-O Bc5 10. f3 Ng5 11. f4 Ne4 12. Be3 O-O 13. Nd2 Nxd2 14. Qxd2 Bb6
15. c3 f6 16. exf6 Qxf6 17. Nb3 Rae8 18. Nc5 Qe7 19. b4 Qxe3+ 20. Qxe3 Rxe3 21.
Nxd7 Rxf4 22. Kh1 Rxf1+ 23. Rxf1 h5 24. Rc1 Re2 25. Nb8 c5 26. a4 cxb4 27. cxb4
d4 28. a5 d3 29. axb6 d2 0-1

[Event "TCh-TUR 2011"]
[Site "Konya TUR"]
[Date "2011.07.04"]
[Round "8"]
[White "Sevgi, Volkan"]
[Black "Ersoz, Bartu"]
[Result "1-0"]
[WhiteElo "1912"]
[BlackElo "1789"]
[WhiteTeam "Mersin Ezgi Satranc Kulubu"]
[BlackTeam "Istanbul Teknik Universitesi S.K."]
[WhiteFideId "6325335"]
[BlackFideId "6324312"]
[EventDate "2011.06.28"]

1. e4 c5 2. c3 d5 3. exd5 Qxd5 4. d4 Nf6 5. Nf3 Bg4 6. Be2 e6 7. Be3 cxd4 8.
cxd4 Bb4+ 9. Nc3 Ne4 10. Qd3 Bf5 11. Qb5+ Qxb5 12. Bxb5+ Ke7 13. Bd2 Nxd2 14.
Kxd2 Rd8 15. Ke3 Nd7 16. Bxd7 Rxd7 17. Rac1 Rad8 18. h3 f6 19. g4 Bg6 20. h4 Ba5
21. h5 Be8 22. Ne4 Bb6 23. Nc5 Rc7 24. b4 Bc6 25. Rhd1 Bd5 26. a4 a5 27. bxa5
Bxc5 28. dxc5 Ra8 29. Nd4 Rxa5 30. Nb5 Rc8 31. Rd4 g6 32. h6 g5 33. f3 Bc6 34.
Rb4 Rca8 35. Rcc4 Bd5 36. Nc7 Bxc4 37. Nxa8 Rxa8 38. Rxc4 Kf7 39. Rb4 Ra7 40.
Kd4 Ke7 41. Kc4 Kd7 42. Kb5 Ra6 43. Rd4+ Kc7 44. a5 Rc6 45. Rd6 Ra6 46. Rb6 f5
47. c6 Ra7 48. cxb7 Rxb7 49. Rxb7+ Kxb7 50. Kc5 e5 51. gxf5 e4 52. fxe4 g4 53.
Kd5 1-0

[Event "TCh-TUR 2011"]
[Site "Konya TUR"]
[Date "2011.07.04"]
[Round "8"]
[White "Ozturk, Hilal"]
[Black "Vatansever, Buse"]
[Result "1-0"]
[WhiteElo "1765"]
[BlackElo "1585"]
[WhiteTeam "Istanbul Teknik Universitesi S.K."]
[BlackTeam "Mersin Ezgi Satranc Kulubu"]
[WhiteFideId "6315330"]
[BlackFideId "6324746"]
[EventDate "2011.06.28"]

1. e4 c6 2. d4 d5 3. Nc3 dxe4 4. Nxe4 Bf5 5. Ng3 Bg6 6. h4 h6 7. Nf3 Nd7 8. h5
Bh7 9. Bd3 Bxd3 10. Qxd3 Ngf6 11. Bd2 Qc7 12. O-O-O e6 13. Ne4 O-O-O 14. g3 Nxe4
15. Qxe4 Bd6 16. c4 c5 17. d5 Nf6 18. Qc2 exd5 19. cxd5 Qd7 20. Bc3 Rhe8 21. Rh4
Re7 22. Bxf6 gxf6 23. Re4 Rxe4 24. Qxe4 f5 25. Qh4 Re8 26. Qf6 Re2 27. Rd2 Rxd2
28. Nxd2 Bf8 29. Qe5 b5 30. Nf3 Be7 31. Qh8+ Kb7 32. Qxh6 Qxd5 33. Qe3 Bf6 34.
b3 c4 35. h6 cxb3 36. axb3 Qc6+ 37. Kb1 Qd6 38. Qd2 Qc6 39. Qd3 Qa6 40. Qd7+ Kb8
41. Qe8+ Kb7 42. Qxf7+ Kb8 43. Qe8+ Kb7 44. Ne5 Bxe5 45. Qxe5 b4 46. Qd5+ Kb8
47. Qd2 Qg6 48. Qxb4+ Kc7 49. Qe7+ Kb6 50. h7 f4+ 51. Kb2 fxg3 52. h8=Q gxf2 53.
Qhf6+ 1-0

[Event "TCh-TUR 2011"]
[Site "Konya TUR"]
[Date "2011.07.04"]
[Round "8"]
[White "Bayram, Yakup"]
[Black "Haznedaroglu, Kivanc"]
[Result "1/2-1/2"]
[WhiteTitle "FM"]
[BlackTitle "GM"]
[WhiteElo "2268"]
[BlackElo "2444"]
[WhiteTeam "Tarsus Zeka Satranc S.K."]
[BlackTeam "Adana Truva Satranc S.K."]
[WhiteFideId "6300677"]
[BlackFideId "6300634"]
[EventDate "2011.06.28"]

1. d4 Nf6 2. c4 e6 3. Nf3 c5 4. e3 d5 5. Nc3 Nc6 6. a3 cxd4 7. exd4 Be7 8. Be3
O-O 9. Be2 dxc4 10. Bxc4 b6 11. O-O Bb7 12. Ba2 Rc8 13. Rc1 Qd6 14. Qe2 Qb8 15.
Rfd1 Rcd8 16. h3 Rd7 17. d5 exd5 18. Nxd5 Nxd5 19. Rxd5 Rxd5 20. Bxd5 Nd8 21.
Qc4 Bxd5 22. Qxd5 Ne6 23. Nd4 Nxd4 24. Bxd4 Rc8 25. Rc3 Rxc3 26. Bxc3 b5 27. Qd7
Bf8 28. a4 a6 29. axb5 axb5 30. g3 h6 31. Kf1 Qb6 32. Qd5 b4 33. Bd4 Qa6+ 34.
Ke1 Qd3 35. b3 h5 36. h4 Be7 37. Qe5 Bf8 38. Qe3 Qb1+ 39. Kd2 Qa2+ 40. Kc1 Qa3+
41. Kb1 Qa6 42. Qe4 Qb5 43. Kc2 Bd6 44. Kd2 Bf8 45. Qe5 Qa6 46. Qd5 Be7 47. Qc4
Qb7 48. Ke3 Qd7 49. Ke2 Qg4+ 50. Kd2 Qf5 51. Be3 Bd6 52. Qd4 Be7 53. Qd3 Qe6 54.
Kc2 Bf6 55. Qc4 Qf5+ 56. Kc1 Bc3 57. Bd4 Bxd4 58. Qxd4 Qb5 59. Kd2 g6 60. Qd6
Qf1 61. Qc5 Kh7 62. Qd4 Kg8 63. Qf4 Kg7 64. Qe5+ Kh7 65. Qe3 Kg8 66. Qd4 Kh7 67.
Qe3 Kg8 68. Qe2 Qb1 69. Qc4 Qb2+ 70. Ke3 Qe5+ 71. Qe4 Qc3+ 72. Qd3 Qe5+ 73. Kd2
Qb2+ 74. Qc2 Qd4+ 75. Ke2 Kg7 76. Qd3 Qe5+ 77. Kd1 Kf6 78. Qd8+ Kg7 79. Qd3 Kf6
80. Qc4 Qa1+ 81. Kd2 Qb2+ 82. Ke3 Qe5+ 83. Kd3 Qf5+ 84. Ke3 Qe5+ 85. Kf3 Qf5+
86. Kg2 Qa5 87. Qd4+ Ke6 88. Qe4+ Kd6 89. Kh2 Qc5 90. Qf4+ Ke6 91. Qe4+ 1/2-1/2

[Event "TCh-TUR 2011"]
[Site "Konya TUR"]
[Date "2011.07.04"]
[Round "8"]
[White "Erdogdu, Mert"]
[Black "Tulay, Berkay"]
[Result "1-0"]
[WhiteTitle "IM"]
[WhiteElo "2434"]
[BlackElo "2132"]
[WhiteTeam "Adana Truva Satranc S.K."]
[BlackTeam "Tarsus Zeka Satranc S.K."]
[WhiteFideId "6301495"]
[BlackFideId "6302688"]
[EventDate "2011.06.28"]

1. e4 d6 2. d4 e5 3. Nf3 exd4 4. Qxd4 Nc6 5. Bb5 Bd7 6. Bxc6 Bxc6 7. Nc3 Qf6 8.
Qd3 Qg6 9. O-O Ne7 10. Nd4 O-O-O 11. Nxc6 Nxc6 12. f4 Qh5 13. Nd5 Kb8 14. b4
Nxb4 15. Nxb4 Qc5+ 16. Be3 Qxb4 17. Rab1 Qa4 18. Qd5 b6 19. c4 Qd7 20. f5 Be7
21. a4 c6 22. Qd3 c5 23. a5 Kc7 24. Ra1 Rb8 25. axb6+ axb6 26. e5 Rb7 27. Bf4
dxe5 28. Bxe5+ Bd6 29. Rfd1 Rd8 30. Qg3 Qe7 31. Rxd6 Rxd6 32. Rd1 Kc8 33. Bxd6 1-0

[Event "TCh-TUR 2011"]
[Site "Konya TUR"]
[Date "2011.07.04"]
[Round "8"]
[White "Vovk, Andrey"]
[Black "Gaygusuzoglu, Gokhan"]
[Result "1-0"]
[WhiteTitle "GM"]
[WhiteElo "2545"]
[BlackElo "1900"]
[WhiteTeam "Adana Truva Satranc S.K."]
[BlackTeam "Tarsus Zeka Satranc S.K."]
[WhiteFideId "14114470"]
[BlackFideId "6306284"]
[EventDate "2011.06.28"]

1. e4 c6 2. d4 d5 3. e5 Bf5 4. Be3 e6 5. Nd2 Nd7 6. Ngf3 Rc8 7. Be2 Ne7 8. O-O
Bg6 9. c4 Nf5 10. Bg5 Be7 11. Bxe7 Qxe7 12. Qb3 Nb8 13. Qa4 b6 14. cxd5 exd5 15.
b4 O-O 16. Rfe1 c5 17. bxc5 bxc5 18. dxc5 Rxc5 19. Rad1 Nh6 20. Nb3 Bc2 21. Rd2
Bxb3 22. Qxb3 Rfc8 23. Rxd5 Rc3 24. Qa4 Qb7 25. Red1 Rc1 26. Bf1 R1c3 27. Re1
Rc1 28. Red1 Nf5 29. Ng5 h6 30. Qf4 hxg5 31. Qxf5 Re8 32. e6 fxe6 33. Qxg5 Qc7
34. Bb5 Rf8 35. Qe3 e5 36. Qb3 Kh8 37. Qh3+ Kg8 38. Ba4 g6 39. Qh6 1-0

[Event "TCh-TUR 2011"]
[Site "Konya TUR"]
[Date "2011.07.04"]
[Round "8"]
[White "Sop, Selen"]
[Black "Tulay, Seray"]
[Result "1-0"]
[WhiteTitle "WCM"]
[WhiteElo "1995"]
[BlackElo "1778"]
[WhiteTeam "Adana Truva Satranc S.K."]
[BlackTeam "Tarsus Zeka Satranc S.K."]
[WhiteFideId "6300278"]
[BlackFideId "6307787"]
[EventDate "2011.06.28"]

1. e4 c5 2. Nf3 e6 3. d4 cxd4 4. Nxd4 Nf6 5. Nc3 Qc7 6. Ndb5 Qe5 7. f4 Qc5 8. e5
a6 9. exf6 axb5 10. Qd3 gxf6 11. Ne4 Qe7 12. Qc3 Kd8 13. Be3 Ra6 14. Bxb5 Qb4
15. Qxb4 Bxb4+ 16. c3 Be7 17. Bxa6 bxa6 18. Bd4 Rg8 19. Rg1 Rg6 20. Bb6+ Ke8 21.
Bc7 Bb7 22. Nd6+ Bxd6 23. Bxd6 Nc6 24. O-O-O Na5 25. g3 Nc4 26. b3 Ne3 27. Rd2
Rh6 28. c4 Ng4 29. h4 e5 30. Re1 e4 31. b4 e3 32. Bc5 f5 33. Bxe3 Kd8 34. Bc5
Be4 35. Rd6 Re6 36. Red1 Rxd6 37. Rxd6 Kc7 38. Rxa6 Bd3 39. Ra7+ Kc6 40. Ra6+ 1-0